stolice państw i terytoriów świata - Statystyki

Ogólne statystyki
  • Ten quiz został rozwiązany 58 razy
    11 od ostatniego zresetowania
  • Średni wynik to 92 z 311
Statystyki odpowiedzi
Teren Stolica % Poprawnych
Albania Tirana
100%
Holandia Amsterdam
90%
Andora Andora
90%
Grecja Ateny
90%
Belgia Bruksela
90%
Irlandia Dublin
90%
Finlandia Helsinki
90%
Dania Kopenhaga
90%
Hiszpania Madryt
90%
Białoruś Mińsk
90%
Francja Paryż
90%
Czarnogóra Podgorica
90%
Czechy Praga
90%
Bośnia i Hercegowina Sarajewo
90%
Bułgaria Sofia
90%
Estonia Tallin
90%
Austria Wiedeń
90%
Chorwacja Zagrzeb
90%
Liechtenstein Vaduz
80%
Luksemburg Luksemburg
70%
Łotwa Ryga
70%
Macedonia Północna Skopje
70%
Litwa Wilno
70%
Turcja Ankara
60%
Serbia Belgrad
60%
Niemcy Berlin
60%
Szwajcaria Berno
60%
Słowacja Bratysława
60%
Węgry Budapeszt
60%
Rumunia Bukareszt
60%
Ukraina Kijów
60%
Mołdawia Kiszyniów
60%
Portugalia Lizbona
60%
Wielka Brytania Londyn
60%
Słowenia Lublana
60%
Monako Monako
60%
Rosja Moskwa
60%
Norwegia Oslo
60%
Kosowo Prisztina
60%
Włochy Rzym
60%
San Marino San Marino
60%
Szwecja Sztokholm
60%
Malta Valetta
60%
Polska Warszawa
60%
Watykan Watykan
60%
Kazachstan Astana
50%
Irak Bagdad
50%
Szkocja Edynburg
50%
Cypr Nikozja
50%
Indie Nowe Delhi
50%
Grenlandia Nuuk
50%
Korea Południowa Seul
50%
Iran Teheran
50%
Izrael Tel Aviv
50%
Japonia Tokio
50%
Algieria algier
40%
Azerbejdżan Baku
40%
Tajlandia bangkok
40%
Kolumbia bogota
40%
Brazylia brasilia
40%
Argentyna buenos aires
40%
Australia canberra
40%
Walia Cardiff
40%
Syria damaszek
40%
Katar Doha
40%
Armenia Erywań
40%
Gwatemala Gwatemala
40%
Wietnam hanoi
40%
Kuba Hawana
40%
Afganistan Kabul
40%
Egipt kair
40%
Kuwejt Kuwejt
40%
Peru lima
40%
Makau makau
40%
Malediwy Male
40%
Filipiny Manila
40%
Meksyk Meksyk
40%
Urugwaj montevideo
40%
Kanada Ottawa
40%
Chiny Pekin
40%
Korea Północna Pjongjang
40%
Maroko rabat
40%
Arabia Saudyjska Rijad
40%
Chile santiago
40%
Singapur singapur
40%
Boliwia sucre
40%
Tajwan(Republika Chińska) tajpej
40%
Gruzja Tbilisi
40%
Tunezja tunis
40%
Stany Zjednoczone Waszyngton
40%
Nowa Zelandia wellington
40%
Nigeria abudża
30%
Zjednoczone Emiraty Arabskie abu zabi
30%
Etiopia addis abeba
30%
Ghana akra
30%
Niue alofi
30%
Jordania Amman
30%
Madagaskar antananarywa
30%
Samoa apia
30%
Erytrea asmara
30%
Paragwaj asuncion
30%
Turkmenistan aszchabad
30%
Mali bamako
30%
Brunei Bandar Seri Begawan
30%
Gambia bandżul
30%
Republika Środkowoafrykańska bangi
30%
Saint Kitts i Nevis Basseterre
30%
Liban Bejrut
30%
Irlandia Północna Belfast
30%
Belize Belmopan
30%
Gwinea Bissau bissau
30%
Kirgistan Biszkek
30%
Kongo brazzaville
30%
Barbados Bridgetown
30%
Wenezuela caracas
30%
Saint Lucia Castries
30%
Sudan chartum
30%
Senegal dakar
30%
Bangladesz Dhaka
30%
Timor Wschodni dili
30%
Tanzania dodoma
30%
Tadżykistan duszanbe
30%
Indonezja Dżakarta
30%
Dżibuti dżibuti
30%
Sudan Południowy dżuba
30%
Sierra Leone freetown
30%
Tuvalu funafuti
30%
Botswana gaborone
30%
Gujana georgetown
30%
Gibraltar Gibraltar
30%
Burundi gitega
30%
Czeczenia grozny
30%
Bermudy Hamilton
30%
Zimbabwe harare
30%
Hongkong hongkong
30%
Wyspy Salomona honiara
30%
Pakistan Islamabad
30%
Wybrzeże Kości Słoniowej jamusukro
30%
Kamerun jaunde
30%
Uganda kampala
30%
Nepal Katmandu
30%
Rwanda kigali
30%
Demokratyczna Republika Konga kinszasa
30%
Gwinea konakry
30%
Malezja Kuala Lumpur
30%
Gabon libreville
30%
Malawi lilongwe
30%
Togo lome
30%
Angola luanda
30%
Zambia lusaka
30%
Wyspy Marshalla majuro
30%
Gwinea Równikowa malabo
30%
Nikaragua Managua
30%
Bahrajn Manama
30%
Mozambik maputo
30%
Lesotho maseru
30%
Oman Maskat
30%
Eswatini mbabane
30%
Somalia mogadiszu
30%
Liberia monrovia
30%
Komory moroni
30%
Kenia nairobi
30%
Bahamy Nassau
30%
Mauretania nawakszut
30%
Mjanma Naypyidaw
30%
Czad ndżamena
30%
Niger niamey
30%
Wojwodina Nowy Sad
30%
Tonga nuku'alofa
30%
Mikronezja palikir
30%
Panama Panama
30%
Surinam paramaribo
30%
Kambodża Phnom Penh
30%
Haiti Port-Au-Prince
30%
Mauritius port louis
30%
Papua-Nowa Gwinea port moresby
30%
Trynidad i Tobago port-of-spain
30%
Benin porto-novo
30%
Vanuatu port villa
30%
Republika Zielonego Przylądka praia
30%
Republika Południowej Afryki pretoria
30%
Ekwador quito
30%
Dominika Roseau
30%
Grenada Saint George's
30%
Antigua i Barbuda Saint John's
30%
Jemen Sana
30%
Kostaryka San Jose
30%
Portoryko San juan
30%
Salwador San Salvador
30%
Dominikana Santo Domingo
30%
Wyspy Świętego Tomasza i Książęca sao tome
30%
Sri Lanka sri dźajawardanapura kotte
30%
Fidżi suva
30%
Kiribati tarawa
30%
Uzbekistan taszkent
30%
Honduras Tegucigalpa
30%
Bhutan Thimphu
30%
Libia trypolis
30%
Naddniestrze Tyraspol
30%
Mongolia Ułan Bator
30%
Seszele victoria
30%
Burkina Faso wagadugu
30%
Laos Wientian
30%
Namibia windhuk
30%
Nauru yaren
30%
Palau ngerulmud
20%
Aruba Oranjestad
20%
Samoa Amerykańskie pago pago
20%
Sycylia Palermo
20%
Polinezja Francuska papeete
20%
Palestyna ramallah
20%
Falklandy Stanley
20%
Pitcairn adamstown
10%
Sahara Zachodnia al-ujun
10%
Wyspy Cooka avarua
10%
Gwadelupa Basse-Terre
10%
Sardynia Cagliari
10%
Ceuta ceuta
10%
Wyspy Dziewicze Stanów Zjednoczonych Charlotte Amalie
10%
Turks i Caicos Cockburn Town
10%
Cżedżu cżedżu
10%
Wyspa Man Douglas
10%
Wyspa Bożego Narodzenia flying fish cove
10%
Guam hagatna
10%
Somaliland hargejsa
10%
Jakucja jakuck
10%
Wyspa Świętej Heleny, Wyspy Wniebowstąpienia i Tristan da Cunha jamestown
10%
Gujana Francuska kajenna
10%
Georgia Południowa i Sandwich Południowy King Edward Point
10%
Saint Vincent i Grenadyny Kingstown
10%
Bonaire Kralendijk
10%
Wyspy Alandzkie Maarianhamina
10%
Melilla mellila
10%
Nachiczewańska Republika Autonomiczna nachiczewan
10%
Cypr Północny nikozja północna
10%
Nowa Kaledonia numea
10%
Sint Eustatius Oranjestad
10%
Sint Maarten Philipsburg
10%
Montserrat Plymouth
10%
Islandia Rejkyavik
10%
Brytyjskie Wyspy Dziewicze Road Town
10%
Guernsey Saint Peter Port
10%
Saint-Pierre i Miquelon Saint-Pierre
10%
Mordowia sarańsk
10%
Saba The Bottom
10%
Anguilla The Valley
10%
Wyspy Owcze Thorshavn
10%
Wyspy Kokosowe west island
10%
Curaçao Willemstad
10%
Chakasja abakan
0%
Czukocki Okręg Autonomiczny anadyr
0%
Dolina Aosty Aosta
0%
Aceh banda aceh
0%
Adżaria batumi
0%
Wybrzeże Karaibskie Północne Bilwi
0%
Wybrzeże Karaibskie Południowe Bluefields
0%
Mariany Północne capitol hill
0%
Osetia Południowa cchinwali
0%
Chanty-Mansyjski Okręg Autonomiczny - Jugra chanty-mansyjsk
0%
Górski Badachszan chorog
0%
Czuwaszja czeboksary
0%
Karaczajo-Czerkiesja czerkiesk
0%
Kałmucja elista
0%
Akrotiri episkopi cantonment
0%
Dhekelia episkopi cantonment
0%
Martynika Fort-De-France
0%
Madera funchal
0%
Kajmany George Town
0%
Ałtaj gornoałtajsk
0%
Saint-Barthélemy Gustavia
0%
Mongolia Wewnętrzna hohhot
0%
Kurdystan irbil
0%
Udmurcja iżewsk
0%
Papua jayapura
0%
Mari El joszkar-oła
0%
Athos Karies
0%
Tatarstan kazań
0%
Norfolk kingston
0%
Jamajka Kinston
0%
Gaugazja Komrat
0%
Tuwa kyzył
0%
Wyspy Kanaryjskie las palmas
0%
Tybet lhasa
0%
Svalbard Longyearbyen
0%
Dagestan machaczkała
0%
Inguszetia magas
0%
Adygeja majkop
0%
Majotta mamoudzou
0%
Saint-Martin Marigot
0%
Wallis i Futuna mata utu
0%
Kabardo-Bałkaria nalczyk
0%
Kuangsi nanning
0%
Nieniecki Okręg Autonomiczny narjanmar
0%
Karakałpacja nukus
0%
Karelia Pietrozawodzk
0%
Azory ponta delgada
0%
Reunion saint-denis
0%
Jersey Saint Helier
0%
Jamalsko-Nieniecki Okręg Autonomiczny salechard
0%
Wyspa Książęca santo antonio
0%
Abchazja suchumi
0%
Komi syktywkar
0%
Republika Krymu Symferopol
0%
Friuli-Wenecja Julijska Triest
0%
Trydent-Górna Adyga Trydent
0%
Baszkortostan ufa
0%
Buriacja ułan ude
0%
Sinciang urumczi
0%
Osetia Północna władykaukaz
0%
Ningxia yinchuan
0%
Zanzibar zanzibar
0%
Nie znaleziono quizów pasujących do podanych kryteriów
Rozkład punktacji
Procent ludzi z każdym wynikiem
Percentyl według liczby udzielonych odpowiedzi
Twoja historia wyników
Nie rozwiązałeś tego quizu od ostatniego zresetowania